Capitals Containing Same Words - Statistics

General Stats
  • This quiz has been taken 421 times
  • The average score is 11 of 24
Answer Stats
Word Capital % Correct
King Kingston
92%
King Kingstown
92%
Bud Budapest
91%
Pan Panama City
85%
Ash Ashgabat
83%
Bang Bangkok
77%
Man Managua
65%
Ash Tashkent
57%
Van Yerevan
57%
Man Manama
54%
Man Manila
53%
Bang Bangui
48%
Man Amman
40%
Ass Basseterre
40%
Pan Belmopan
40%
Ash Washington
34%
Tan Astana
27%
Ass Nassau
25%
Tan Antananarivo
20%
Bud Abu Dhabi
18%
Man Kathmandu
18%
Van Havana
14%
Get Georgetown
10%
Get Bridgetown
7%
No matching quizzes found
Score Distribution
Percent of People with Each Score
Percentile by Number Answered
Your Score History
You have not taken this quiz